Elementary measurement and gauging : A manual for trainees (Record no. 894)

000 -LEADER
fixed length control field 00431nam a22001577a 4500
008 - FIXED-LENGTH DATA ELEMENTS--GENERAL INFORMATION
fixed length control field 191230b ||||| |||| 00| 0 eng d
082 00 - DEWEY DECIMAL CLASSIFICATION NUMBER
Classification number 621.9
Item number F231
100 ## - MAIN ENTRY--PERSONAL NAME
9 (RLIN) 460
Personal name Farley, H. E. J.
245 10 - TITLE STATEMENT
Title Elementary measurement and gauging : A manual for trainees
250 ## - EDITION STATEMENT
Edition statement 1st
260 ## - PUBLICATION, DISTRIBUTION, ETC. (IMPRINT)
Place of publication, distribution, etc London
Name of publisher, distributor, etc Blackie & Son
Date of publication, distribution, etc 1942
300 ## - PHYSICAL DESCRIPTION
Extent viii,104p.
365 ## - TRADE PRICE
Price amount 1.10
650 #0 - SUBJECT ADDED ENTRY--TOPICAL TERM
Topical term or geographic name as entry element Measuring instruments
942 ## - ADDED ENTRY ELEMENTS (KOHA)
Item type Books
Holdings
Withdrawn status Lost status Source of classification or shelving scheme Damaged status Not for loan Permanent location Current location Date acquired Source of acquisition Full call number Barcode Date last seen Koha item type
          IMU Kolkata IMU Kolkata 1952-10-20 Blackie 621.9 F231 00471 2019-12-30 Books
  Lost       IMU Kolkata IMU Kolkata 1952-10-20 Bailey books and suppliers 621.9 F231 00470 2020-07-14 Books
Designed and Maintained by IMU-KC Library, Kolkata Campus © Copyright All Rights Reserved

webs counters

Powered by Koha